00746nam a2200181 i 4500001000700000003000900007005001700016008004100033040001400074100002400088245018600112260006200298300002100360500001900381700003000400700003300430852010100463154266ES-MaACL20230906205606.0940202s1886 sp |||| | spa d aCAM bspa1 aGascón, Santiago.10aToros en Vallecas b: apropósito cómico lírico-taurino en un acto y dos cuadros / coriginal de Santiago Gascón y Julián García Parra ; música del maestro Hernández. aMadrid : bAdministración Lírico-Dramática, c1886. a24 p. ; c20 cm. aSolo la letra.1 aGarcía Parra, Julián.11aHernandez, Isidro c, mús. aES-MaACLjD-2525(5) z- Enc. hol., conservando la enc. editorial z. - Legado de M. de la Fuente